000 01840nam0a2200349 4500
001 RU\NLR\bibl\1324463
005 20260607061203.0
010 _a978-5-903330-08-9
_95000
021 _aRU
_b2008-93113
_95458
035 _a(nilc)RSL-KNO-004147992
035 _a(NLR Aleph) 001309779
090 _a672113
_c672113
100 _a20081124d2008 |||y0rusy50 ca
101 0 _arus
102 _aRU
105 _aa |||||||||
200 1 _aТюменский комсомол. Путевка в жизнь
_eк 90-летию ВЛКСМ и Тюменской областной комсомольской организации
_f[гл. ред. В. Строгальщиков]
210 _aМосква
_cЭпоха
_d2008
215 _a351 с.
_cил., цв. ил., портр., факс.
_d30
517 0 _aПутевка в жизнь
601 0 2 _aВЛКСМ
_bТюменский областной комитет
_92541309
_3RU\NLR\auth\661504486
610 0 _aОбщественно-политические организации -- Движение и организации молодежи -- ВЛКСМ -- Российская Федерация -- Тюменская область -- Обзор к 90-летней годовщине Тюменской областной комсомольской организации
686 _aФ75(2)193(2Р-4Тю),021,70"
_2rubbk
686 _aФ75(2)193(2Р-4Тю)
702 1 _4340
_7ca
_8rus
_aСтрогальщиков
_bВ. Л.
_f1950-
_gВиктор Леонидович
_9111138
_3RU\NLR\auth\771105
712 0 2 _4570
_aВЛКСМ
_bТюменский областной комитет
_9514372
_3RU\NLR\AUTH\8810008317
801 0 _aRU
_bРКП
_c20081124
_grcr
801 1 _aRU
_bРГБ
_c20081124
801 2 _aRU
_bNLR
_c20090203
_grcr
942 _cBOOK
980 _aNB